书目信息 |
| 题名: |
民法典学习百问
|
|
| 作者: | 姜仲波 , 孟霁雨 , 刘庆 主编 | |
| 分册: | 第二册 | |
| 出版信息: | 哈尔滨 黑龙江人民出版社 2021.06 |
|
| 页数: | 211-393页 | |
| 开本: | 21cm | |
| 丛书名: | ||
| 单 册: | ||
| 中图分类: | D923.04 | |
| 科图分类: | ||
| 主题词: | 民法--min fa--法典--基本知识--中国 | |
| 电子资源: | ||
| ISBN: | 978-7-207-12479-1 | |
| 000 | 00963nam0 2200253 450 | |
| 001 | 27388 | |
| 005 | 20220921135701.12 | |
| 010 | @a978-7-207-12479-1@dCNY22.00 | |
| 100 | @a20210910d2021 em y0chiy50 ea | |
| 101 | 0 | @achi |
| 102 | @aCN@b230000 | |
| 105 | @ay z 000yy | |
| 200 | 1 | @a民法典学习百问@Amin fa dian xue xi bai wen@h第二册@f主编姜仲波, 孟霁雨, 刘庆 |
| 210 | @a哈尔滨@c黑龙江人民出版社@d2021.06 | |
| 215 | @a211-393页@d21cm | |
| 300 | @a黑龙江省“八五”普法学习资料 | |
| 330 | @a该书以司法实践中常见的问题为导向, 有的放矢地对相关法律问题进行解答, 以帮助广大干部群众适应《民法典》实施后的管理、经营和生活, 分为“典”型治理100问, “典”型经营100问, “典”型生活100问三部分。 | |
| 606 | 0 | @a民法@Amin fa@x法典@x基本知识@y中国 |
| 690 | @aD923.04@v5 | |
| 701 | 0 | @a姜仲波@Ajiang zhong bo@4主编 |
| 701 | 0 | @a孟霁雨@Ameng ji yu@4主编 |
| 701 | 0 | @a刘庆@Aliu qing@4主编 |
| 801 | 0 | @aCN@c20220910 |
| 905 | @a河南城建学院图书馆@dD923.04@eJ530:2@f2 | |
| 民法典学习百问.第二册/主编姜仲波, 孟霁雨, 刘庆.-哈尔滨:黑龙江人民出版社,2021.06 |
| 211-393页;21cm |
| 黑龙江省“八五”普法学习资料 |
| ISBN 978-7-207-12479-1:CNY22.00 |
| 该书以司法实践中常见的问题为导向, 有的放矢地对相关法律问题进行解答, 以帮助广大干部群众适应《民法典》实施后的管理、经营和生活, 分为“典”型治理100问, “典”型经营100问, “典”型生活100问三部分。 |
| ● |
| 相关链接 |
|
|
|
正题名:民法典学习百问
索取号:D923.04/J530:2
 
预约/预借
| 序号 | 登录号 | 条形码 | 馆藏地/架位号 | 状态 | 备注 |
| 1 | 1579433 | 215794335 | 社科库509/509社科库 91排7列1层/ [索取号:D923.04/J530:2] | 在馆 | |
| 2 | 1579434 | 215794344 | 社科库509/509社科库 91排7列1层/ [索取号:D923.04/J530:2] | 在馆 |